[Event "San Francisco TNM Winter op"]
[Site "San Francisco"]
[Date "2015.01.06"]
[Round "1"]
[White "Malvar, Melchor"]
[Black "Mont Reynaud, Jordy"]
[Result "0-1"]
[WhiteElo "1484"]
[BlackElo "2270"]
[PlyCount "60"]
[EventDate "2015.01.06"]
[EventType "swiss"]
[EventRounds "8"]
[EventCountry "USA"]
[SourceTitle "EXT 2016"]
[Source "ChessBase"]
[SourceDate "2015.10.08"]
[SourceVersion "1"]
[SourceVersionDate "2015.10.08"]
[SourceQuality "1"]

1. Nf3 c5 2. b3 d5 3. Bb2 d4 4. e4 Nf6 5. Bb5+ Nbd7 6. e5 Nd5 7. 0-0 a6 8. Bc4 N7b6 9. d3 Bg4 10. h3 Bh5 11. g4 Bg6 12. Ng5 h6 13. Ne4 Nxc4 14. bxc4 Bxe4 15. dxe4 Nf4 16. Qf3 g5 17. Bc1 Ng6 18. Qg3 Bg7 19. f4 Qc7 20. Qh2 h5 21. gxh5 Rxh5 22. a4 0-0-0 23. Ra3 Rg8 24. Rg3 gxf4 25. Rxg6 fxg6 26. Bxf4 Rgh8 27. e6 Qc6 28. Rf3 Qxe4 29. Nd2 Qe1+ 30. Nf1 d3 0-1